000 00687cab a2200229 4500
001 ABS45648
008 090401t1991 xxu||||| |||| 00| 0 eng d
035 _a(Sirsi) u54234
041 _aeng
100 _aLawson, R.G.
245 _aRaffling your home
260 _c1991
350 _a0
490 _aNew Law Journal
_v141(6533) 20 December 1991, 1741-1743(3)
520 _aConsiders the legality of this procedure with reference to Lotteries and Amusements Act 1976 and Lotteries (Amendment) Act 1984.
650 _aCOMPETITIONS
650 _aLOTTERIES
650 _aRESIDENTIAL PROPERTY
_96266
690 _aPROPERTY LAW AND PRACTICE
942 _n0
948 _c04/03/1997
999 _c33247
_d33247